• 首页
  • 本馆介绍
  • 公告通知
  • 最新文献
  • 馆藏检索
  • 电子资源
  • 读者导购
  • 参考咨询
  • 我的图书馆
  • 登录
  • 详细信息显示
  • 放入我的书架
  • 预约/预借图书
  • 作者相关作品
  • 分类相关作品
  • 丛书相关作品
  • 出版社相关作品

书目信息

  • 表格格式
  • 工作单格式
  • 卡片格式
题名:
欧美古典作家论现实主义和浪漫主义
    
 
作者: 中国社会科学院外国文学研究所外国文学研究资料丛刊编辑委员会 编
分册: 一  
出版信息: 北京   中国社会科学出版社  1980.03
页数: 360页
开本: 20cm
丛书名: 外国文学研究资料丛刊
单 册:
中图分类: I06
科图分类:
主题词: 文学评论 , 文学欣赏
电子资源:
ISBN:
000 00919nam0 2200241 45
001 0210200985
005 20031219104119.7
010    @dCNY1.10
091    @a10190.012
100    @a20021020d1980 km y0chiy0120 ea
101 0  @achi
105    @a z 000zy
200 1  @a欧美古典作家论现实主义和浪漫主义@AOu Mei Gu Dian Zuo Jia Lun Xian Shi Zhu Yi He Lang Man Zhu Yi@h一@f中国社会科学院外国文学研究所外国文学研究资料丛刊编辑委员会编@FZhong Guo She Hui Ke Xue Yuan Wai Guo Wen Xue Yan Jiu Suo Wai Guo Wen Xue Yan Jiu Zi Liao Cong Kan Bian Ji Wei Yuan Hui Bian
210    @a北京@c中国社会科学出版社@d1980.03
215    @a360页@d20cm
225    @a外国文学研究资料丛刊
410    @12001 @a外国文学研究资料丛刊
606 0  @a文学评论
606 0  @a文学欣赏
690    @aI06@v3
701  0 @a中国社会科学院外国文学研究所外国文学研究资料丛刊编辑委员会@4编
801    @aCN@bTSTC@c20021020
905    @f2@b29575-576@dI06@e12
    
    欧美古典作家论现实主义和浪漫主义.一/中国社会科学院外国文学研究所外国文学研究资料丛刊编辑委员会编.-北京:中国社会科学出版社,1980.03
    360页;20cm.-(外国文学研究资料丛刊)
    
    
    ISBN :CNY1.10
    
●
相关链接 在E读中查询图书 在五车中查询图书 在当当中查询图书 在豆瓣中查询图书


正题名:欧美古典作家论现实主义和浪漫主义     索取号:I06/12         预约/预借

序号 登录号 条形码 馆藏地/架位号 状态 备注
1 0029575   001720267   密集书库/ [索取号:I06/12] 在馆    
2 0029576   001720249   密集书库/ [索取号:I06/12] 在馆    
唐山师范学院图书馆 欢迎您!
大连网信软件有限公司© 版权所有